[Event "Aragon-chT Preferente Gr II"]
[Site "Aragon"]
[Date "2023.02.04"]
[Round "2.62"]
[White "Muro Turon, Raul"]
[Black "Garcia Garcia, Enrique"]
[Result "1/2-1/2"]
[WhiteElo "1813"]
[BlackElo "1797"]
[PlyCount "72"]
[EventDate "2023.01.28"]
[EventType "team-tourn"]
[EventRounds "9"]
[EventCountry "ESP"]
[SourceTitle "EXT 2024"]
[Source "ChessBase"]
[SourceDate "2023.10.10"]
[SourceVersion "1"]
[SourceVersionDate "2023.10.10"]
[SourceQuality "1"]
[WhiteTeam "Tauste"]
[BlackTeam "Dr Azua"]
[WhiteTeamCountry "ESP"]
[BlackTeamCountry "ESP"]

1. e4 c5 2. Nf3 d6 3. d4 Nf6 4. dxc5 Nxe4 5. cxd6 Nc6 6. Be3 Qxd6 7. Qxd6 Nxd6 8. Nc3 Bf5 9. 0-0-0 e5 10. Bc5 0-0-0 11. Nb5 Nxb5 12. Rxd8+ Kxd8 13. Bxf8 Rxf8 14. Bxb5 f6 15. Bxc6 bxc6 16. Rd1+ Kc7 17. b3 Bg4 18. h3 Bh5 19. g4 Bg6 20. h4 Rd8 21. Rxd8 Kxd8 22. Kd2 Kc7 23. Ne1 Kd6 24. Nd3 a5 25. c3 c5 26. Ke3 Bxd3 27. Kxd3 Kd5 28. Ke3 g6 29. f3 h5 30. a3 f5 31. gxf5 gxf5 32. Kd3 c4+ 33. bxc4+ Kc5 34. a4 Kc6 35. Ke3 Kc5 36. Kd3 Kc6 1/2-1/2

[Event "Aragon-chT Honor Descenso"]
[Site "Aragon"]
[Date "2022.03.19"]
[Round "8.32"]
[White "Muro Turon, Raul"]
[Black "Felez Casedas, Carlos"]
[Result "1/2-1/2"]
[WhiteElo "1834"]
[BlackElo "1947"]
[PlyCount "82"]
[EventDate "2022.03.19"]
[EventType "team-tourn"]
[EventRounds "10"]
[EventCountry "ESP"]
[SourceTitle "EXT 2024"]
[Source "ChessBase"]
[SourceDate "2023.10.10"]
[SourceVersion "1"]
[SourceVersionDate "2023.10.10"]
[SourceQuality "1"]
[WhiteTeam "Tauste"]
[BlackTeam "La Aurora Estadilla"]
[WhiteTeamCountry "ESP"]
[BlackTeamCountry "ESP"]

1. e4 e5 2. d4 d6 3. Nf3 exd4 4. Nxd4 Nf6 5. Nc3 Be7 6. Bf4 Nc6 7. Qd2 Nxd4 8. Qxd4 0-0 9. 0-0-0 Be6 10. f3 Nd7 11. Nd5 Bxd5 12. Qxd5 Bf6 13. Bd3 Bxb2+ 14. Kxb2 Qf6+ 15. e5 Qxf4 16. exd6 cxd6 17. Rhe1 Rfe8 18. Rxe8+ Rxe8 19. Bb5 Nb6 20. Qxd6 Qxd6 21. Rxd6 Rc8 22. a4 g6 23. Kb3 Rc7 24. c4 Kf8 25. Kb4 Ke7 26. c5 Nd7 27. Rxd7+ Rxd7 28. Bxd7 Kxd7 29. Kb5 Kc7 30. h4 f5 31. g4 fxg4 32. fxg4 h6 33. g5 h5 34. Kc4 Kc6 35. Kb4 b6 36. cxb6 Kxb6 37. a5+ Kc6 38. Kc4 a6 39. Kd4 Kd6 40. Ke4 Ke6 41. Kd4 Kd6 1/2-1/2

[Event "Aragon-chT Honor Gr II"]
[Site "Aragon"]
[Date "2022.02.12"]
[Round "3.15"]
[White "Vela Frago, Alberto"]
[Black "Muro Turon, Raul"]
[Result "1/2-1/2"]
[WhiteElo "2153"]
[BlackElo "1834"]
[PlyCount "119"]
[EventDate "2022.01.29"]
[EventType "team-tourn"]
[EventRounds "7"]
[EventCountry "ESP"]
[SourceTitle "EXT 2024"]
[Source "ChessBase"]
[SourceDate "2023.10.10"]
[SourceVersion "1"]
[SourceVersionDate "2023.10.10"]
[SourceQuality "1"]
[WhiteTeam "Casablanca MyInvestor"]
[BlackTeam "Tauste"]
[WhiteTeamCountry "ESP"]
[BlackTeamCountry "ESP"]

1. c4 e5 2. Nc3 Nc6 3. Nf3 Nf6 4. e4 Bb4 5. d3 h6 6. Be2 0-0 7. 0-0 d6 8. a3 Bc5 9. b4 Bb6 10. Ne1 Nd4 11. h3 c6 12. Be3 d5 13. Kh1 Nxe2 14. Bxb6 Ng3+ 15. fxg3 axb6 16. cxd5 cxd5 17. Nf3 d4 18. Ne2 Re8 19. Qd2 Qd6 20. Nh4 Bd7 21. g4 Nh7 22. Ng3 Qe7 23. Nhf5 Qg5 24. Qe2 Be6 25. Rf3 Rxa3 26. Rxa3 Qc1+ 27. Qf1 Qxa3 28. Nh5 Bxf5 29. gxf5 Rc8 30. Qe2 Rc1+ 31. Kh2 Qa1 32. h4 Rh1+ 33. Kg3 Nf6 34. Nxf6+ gxf6 35. Kg4 Kg7 36. Kh5 Qe1 37. Qxe1 Rxe1 38. Rh3 b5 39. Rh2 Rb1 40. g4 Rxb4 41. g5 hxg5 42. hxg5 fxg5 43. Rc2 Rb3 44. Kxg5 Rxd3 45. f6+ Kh7 46. Kf5 Rf3+ 47. Kxe5 d3 48. Rg2 b4 49. Rb2 Rf1 50. Kd4 Rxf6 51. Kxd3 Rb6 52. Kc4 Kg6 53. Kc5 Rc6+ 54. Kd5 Re6 55. Rxb4 b6 56. Rb1 Kf6 57. Rb2 Re5+ 58. Kd4 b5 59. Rf2+ Ke6 60. Rxf7 1/2-1/2

[Event "Aragon-chT Honor Pl 7-10"]
[Site "Aragon"]
[Date "2021.05.29"]
[Round "9.22"]
[White "Moya Gimeno, Raul"]
[Black "Muro Turon, Raul"]
[Result "1-0"]
[WhiteElo "1870"]
[BlackElo "1842"]
[PlyCount "93"]
[EventDate "2021.05.15"]
[EventType "team-tourn"]
[EventRounds "9"]
[EventCountry "ESP"]
[SourceTitle "EXT 2024"]
[Source "ChessBase"]
[SourceDate "2023.10.10"]
[SourceVersion "1"]
[SourceVersionDate "2023.10.10"]
[SourceQuality "1"]
[WhiteTeam "Marcos Frechin"]
[BlackTeam "Tauste"]
[WhiteTeamCountry "ESP"]
[BlackTeamCountry "ESP"]

1. e4 e5 2. Nf3 Nc6 3. Bc4 Nf6 4. d3 Bc5 5. c3 d6 6. Bb3 0-0 7. Nbd2 a5 8. Nf1 Be6 9. Bc2 d5 10. Qe2 Ng4 11. Ne3 Nxe3 12. Bxe3 Bxe3 13. fxe3 dxe4 14. dxe4 Qe7 15. Qb5 Bd7 16. Qd5 Rfd8 17. 0-0 a4 18. Rad1 Ra5 19. Qd2 Be6 20. Qf2 Bxa2 21. Rxd8+ Qxd8 22. Ra1 Be6 23. Rxa4 f6 24. Rxa5 Nxa5 25. Nd2 Qd6 26. Qe2 Qc5 27. Qd3 Nc6 28. Bb3 Kf7 29. Bxe6+ Kxe6 30. Kf2 g6 31. b4 Qd6 32. Qc4+ Kd7 33. Ke2 Ne7 34. Nb3 b6 35. Nd2 c6 36. Qa6 b5 37. Nb3 Ke8 38. Nc5 Qc7 39. h3 f5 40. Qa2 fxe4 41. Nxe4 Nd5 42. Qa8+ Kf7 43. Qh8 h5 44. Ng5+ Ke7 45. Qg7+ Kd6 46. Qxg6+ Kd7 47. Qe6+ 1-0

[Event "Aragon-chT Honor Descenso"]
[Site "Aragon"]
[Date "2018.03.24"]
[Round "9.31"]
[White "Muro Turon, Raul"]
[Black "Cobo Garrido, Diego Israel"]
[Result "0-1"]
[WhiteElo "1884"]
[BlackElo "2083"]
[PlyCount "66"]
[EventDate "2018.03.17"]
[EventType "team-tourn"]
[EventRounds "10"]
[EventCountry "ESP"]
[SourceTitle "EXT 2019"]
[Source "ChessBase"]
[SourceDate "2018.10.10"]
[SourceVersion "1"]
[SourceVersionDate "2018.10.10"]
[SourceQuality "1"]
[WhiteTeam "Tauste"]
[BlackTeam "Aragon ONCE"]
[WhiteTeamCountry "ESP"]
[BlackTeamCountry "ESP"]

1. e4 e5 2. Nf3 Nc6 3. d4 exd4 4. Bc4 Nf6 5. e5 d5 6. Bb5 Ne4 7. Nxd4 Bd7 8. Bxc6 bxc6 9. 0-0 Bc5 10. f3 Ng5 11. f4 Ne4 12. Be3 Bb6 13. Nc3 Nxc3 14. bxc3 c5 15. Nb3 c4 16. Nd4 c5 17. Ne2 Bc6 18. Qd2 0-0 19. Rad1 Qe7 20. Qe1 f6 21. Qg3 Rae8 22. Rfe1 fxe5 23. fxe5 Bc7 24. Bf4 Qe6 25. Qe3 Qg6 26. Bg3 Qxc2 27. e6 d4 28. cxd4 cxd4 29. Rd2 dxe3 30. Rxc2 Bxg3 31. Nxg3 Rxe6 32. Nf1 Bd5 33. Rxe3 Rxf1+ 0-1

[Event "Aragon-chT Honor Gr II"]
[Site "Aragon"]
[Date "2018.02.17"]
[Round "4.10"]
[White "Muro Turon, Raul"]
[Black "Glavina, Pablo"]
[Result "0-1"]
[WhiteElo "1884"]
[BlackElo "2394"]
[PlyCount "84"]
[EventDate "2018.01.27"]
[EventType "team-tourn"]
[EventRounds "7"]
[EventCountry "ESP"]
[SourceTitle "EXT 2019"]
[Source "ChessBase"]
[SourceDate "2018.10.10"]
[SourceVersion "1"]
[SourceVersionDate "2018.10.10"]
[SourceQuality "1"]
[WhiteTeam "Tauste"]
[BlackTeam "St Casablanca"]
[WhiteTeamCountry "ESP"]
[BlackTeamCountry "ESP"]

1. e4 e5 2. Nf3 Nc6 3. d4 exd4 4. Bc4 Nf6 5. e5 d5 6. Bb5 Ne4 7. Nxd4 Bc5 8. Be3 0-0 9. Bxc6 bxc6 10. 0-0 Qe8 11. f3 Nd6 12. Bf2 Qxe5 13. Re1 Qf6 14. c3 Bb6 15. Na3 Nf5 16. Nac2 c5 17. Nb3 Qc6 18. Re5 Be6 19. Qd2 a5 20. Qf4 a4 21. Nd2 Ne7 22. Re2 Ng6 23. Qg3 Bf5 24. Nf1 Rae8 25. Rd2 Ne7 26. Nfe3 Bg6 27. Rad1 Rd8 28. Ng4 f6 29. Qf4 Rd7 30. b3 axb3 31. axb3 Rfd8 32. Nge3 d4 33. cxd4 cxd4 34. Nc4 d3 35. N2e3 Bd4 36. Ng4 Bxf2+ 37. Nxf2 Nd5 38. Qh4 Nc3 39. Re1 Rd4 40. Qh3 Re8 41. Re3 Rxe3 42. Nxe3 Qe8 0-1

[Event "Aragon-chT Preferente B"]
[Site "Aragon"]
[Date "2017.03.25"]
[Round "9.67"]
[White "Carraminana Lopez, Luis Antonio"]
[Black "Muro Turon, Raul"]
[Result "1-0"]
[WhiteElo "1935"]
[BlackElo "1935"]
[PlyCount "55"]
[EventDate "2017.01.28"]
[EventType "team-tourn"]
[EventRounds "9"]
[EventCountry "ESP"]
[SourceTitle "EXT 2018"]
[Source "ChessBase"]
[SourceDate "2017.10.13"]
[SourceVersion "1"]
[SourceVersionDate "2017.10.13"]
[SourceQuality "1"]
[WhiteTeam "Caissa Hermanos Cortes"]
[BlackTeam "Tauste"]
[WhiteTeamCountry "ESP"]
[BlackTeamCountry "ESP"]

1. e4 c5 2. Nf3 Nc6 3. Bb5 e6 4. Bxc6 bxc6 5. 0-0 d5 6. d3 Nf6 7. e5 Nd7 8. c4 Be7 9. Nc3 0-0 10. Qe2 Re8 11. b3 Nf8 12. Ba3 Qa5 13. Na4 Ng6 14. Rac1 Bd7 15. Qe1 Qxe1 16. Rfxe1 Rad8 17. Bxc5 Bxc5 18. Nxc5 Bc8 19. h4 Nf8 20. Red1 Nd7 21. cxd5 Nxc5 22. Rxc5 cxd5 23. Nd4 Bd7 24. Rc7 a5 25. Ra7 a4 26. b4 f6 27. f4 Kf8 28. Rc1 1-0

[Event "Aragon-chT Preferente B"]
[Site "Aragon"]
[Date "2017.02.25"]
[Round "5.60"]
[White "Muro Turon, Raul"]
[Black "Farinas Argudo, Adrian"]
[Result "0-1"]
[WhiteElo "1935"]
[BlackElo "1735"]
[PlyCount "77"]
[EventDate "2017.01.28"]
[EventType "team-tourn"]
[EventRounds "9"]
[EventCountry "ESP"]
[SourceTitle "EXT 2018"]
[Source "ChessBase"]
[SourceDate "2017.10.13"]
[SourceVersion "1"]
[SourceVersionDate "2017.10.13"]
[SourceQuality "1"]
[WhiteTeam "Tauste"]
[BlackTeam "Marcos Frechin II"]
[WhiteTeamCountry "ESP"]
[BlackTeamCountry "ESP"]

1. e4 e5 2. Nf3 Nc6 3. d4 exd4 4. Bc4 Bb4+ 5. c3 dxc3 6. bxc3 Ba5 7. Qb3 Qe7 8. 0-0 d6 9. e5 dxe5 10. Ba3 Qf6 11. Nbd2 Nge7 12. Ne4 Qf4 13. Bxe7 Nxe7 14. Nfg5 0-0 15. g3 Qf5 16. f4 Bb6+ 17. Kg2 Qg6 18. Rae1 h6 19. Nxf7 Rxf7 20. fxe5 Nf5 21. Bxf7+ Qxf7 22. Qxf7+ Kxf7 23. g4 g6 24. Ng3 Ba5 25. Re3 Be6 26. gxf5 gxf5 27. Nxf5 Bxa2 28. Nxh6+ Ke7 29. Nf5+ Ke6 30. Nd4+ Ke7 31. Rg3 Rh8 32. Rg7+ Ke8 33. Nb5 Bc4 34. Rb1 Kd8 35. Nd4 Bxc3 36. Rd1 Kc8 37. Kg3 Rd8 38. Rg4 c5 39. Nf5 0-1

[Event "Aragon-chT Preferente B"]
[Site "Aragon"]
[Date "2017.02.11"]
[Round "3.56"]
[White "Sanchez Perez, Carlos"]
[Black "Muro Turon, Raul"]
[Result "0-1"]
[WhiteElo "1552"]
[BlackElo "1935"]
[PlyCount "98"]
[EventDate "2017.01.28"]
[EventType "team-tourn"]
[EventRounds "9"]
[EventCountry "ESP"]
[SourceTitle "EXT 2018"]
[Source "ChessBase"]
[SourceDate "2017.10.13"]
[SourceVersion "1"]
[SourceVersionDate "2017.10.13"]
[SourceQuality "1"]
[WhiteTeam "Delicias II"]
[BlackTeam "Tauste"]
[WhiteTeamCountry "ESP"]
[BlackTeamCountry "ESP"]

1. d4 Nf6 2. Nf3 e6 3. Bf4 c5 4. c3 Qb6 5. Qc2 Nc6 6. e3 d5 7. h3 Bd7 8. Nbd2 Rc8 9. Qb3 Be7 10. Be2 0-0 11. 0-0 Rfd8 12. Qxb6 axb6 13. Bd3 Be8 14. Rfe1 h6 15. Rac1 Nd7 16. e4 cxd4 17. exd5 exd5 18. Nxd4 Nxd4 19. cxd4 Bf8 20. Rxc8 Rxc8 21. Bb5 g5 22. Be3 Nf6 23. Bxe8 Nxe8 24. f4 f6 25. Nf1 Nd6 26. Rc1 Re8 27. fxg5 fxg5 28. Rc7 Nf5 29. Bf2 Re7 30. Rxe7 Nxe7 31. Ne3 Kf7 32. Ng4 Ke6 33. Ne3 Bg7 34. Nc2 Kf5 35. Kf1 Ke4 36. Na3 Bxd4 37. Bxd4 Kxd4 38. Nb5+ Kd3 39. Kf2 d4 40. Nd6 Kc2 41. Ne4 d3 42. Ke1 Nd5 43. b3 Nf4 44. Kf2 Nd5 45. Kf3 Nc3 46. Nf2 Nxa2 47. Kg4 d2 48. Kh5 Nc1 49. Kxh6 Nd3 0-1

[Event "Aragon-chT Preferente A"]
[Site "Aragon"]
[Date "2016.03.12"]
[Round "7.44"]
[White "Muro Turon, Raul"]
[Black "Garcia Estruch, Jorge"]
[Result "1-0"]
[WhiteElo "1909"]
[BlackElo "1883"]
[PlyCount "63"]
[EventDate "2016.01.30"]
[EventType "team-tourn"]
[EventRounds "9"]
[EventCountry "ESP"]
[SourceTitle "EXT 2018"]
[Source "ChessBase"]
[SourceDate "2017.10.13"]
[SourceVersion "1"]
[SourceVersionDate "2017.10.13"]
[SourceQuality "1"]
[WhiteTeam "Tauste"]
[BlackTeam "Sabinanigo"]
[WhiteTeamCountry "ESP"]
[BlackTeamCountry "ESP"]

1. e4 e5 2. Nf3 Nc6 3. d4 exd4 4. Bc4 Nf6 5. e5 d5 6. Bb5 Ne4 7. Nxd4 Bc5 8. Be3 Bd7 9. Bxc6 bxc6 10. Nd2 Nxd2 11. Qxd2 0-0 12. 0-0 Re8 13. f4 Bb6 14. Nb3 Qe7 15. Qc3 Rad8 16. Bd4 Qe6 17. Nc5 Qf5 18. Rae1 Bc8 19. Re3 Bxc5 20. Qxc5 Ba6 21. Rf2 Qd7 22. Ra3 Bb5 23. Rxa7 Ra8 24. a4 Bxa4 25. b3 Bb5 26. Rf3 Qf5 27. Rxa8 Rxa8 28. h3 Qe4 29. f5 Ra2 30. c3 Be2 31. Qe7 h6 32. e6 1-0

[Event "Aragon-chT Preferente A"]
[Site "Aragon"]
[Date "2016.02.27"]
[Round "5.44"]
[White "Muro Turon, Raul"]
[Black "Moreno Martinez, Laura"]
[Result "1/2-1/2"]
[WhiteElo "1909"]
[BlackElo "1890"]
[PlyCount "110"]
[EventDate "2016.01.30"]
[EventType "team-tourn"]
[EventRounds "9"]
[EventCountry "ESP"]
[SourceTitle "EXT 2018"]
[Source "ChessBase"]
[SourceDate "2017.10.13"]
[SourceVersion "1"]
[SourceVersionDate "2017.10.13"]
[SourceQuality "1"]
[WhiteTeam "Tauste"]
[BlackTeam "Marcos Frechin"]
[WhiteTeamCountry "ESP"]
[BlackTeamCountry "ESP"]

1. e4 e6 2. d4 d5 3. Nc3 dxe4 4. Nxe4 Nf6 5. Nxf6+ Qxf6 6. Nf3 h6 7. g3 Bd6 8. Bg2 0-0 9. 0-0 Nd7 10. c4 e5 11. c5 Be7 12. dxe5 Nxe5 13. Nxe5 Qxe5 14. Re1 Qxc5 15. Be3 Qd6 16. Qc2 Qf6 17. Rad1 Bd6 18. Bd4 Bf5 19. Qc3 Qg6 20. Bxb7 Rab8 21. Qc6 Bb4 22. Bc3 Qxc6 23. Bxc6 Bxc3 24. bxc3 Be6 25. Bd5 Bxd5 26. Rxd5 Rfd8 27. Ra5 Rb7 28. Re4 Rd2 29. Rb4 Rb6 30. Rxa7 Rf6 31. Rf4 Rxf4 32. gxf4 c5 33. Rc7 Rxa2 34. Rxc5 Rc2 35. Kg2 g6 36. Kg3 Kg7 37. f3 h5 38. h4 Kf6 39. f5 gxf5 40. Kf4 Kg6 41. Rc6+ f6 42. c4 Rh2 43. Kg3 Rc2 44. Rc8 Rc1 45. c5 Rc4 46. c6 f4+ 47. Kg2 Kf7 48. c7 Ke7 49. Rh8 Rxc7 50. Rxh5 Kf7 51. Kh3 Kg6 52. Kg4 Rc1 53. Rf5 Rg1+ 54. Kxf4 Rh1 55. h5+ Rxh5 1/2-1/2

[Event "Aragon-chT Preferente B"]
[Site "Aragon"]
[Date "2015.01.24"]
[Round "1.62"]
[White "Fuster Garcia, Luis Miguel"]
[Black "Muro Turon, Raul"]
[Result "1-0"]
[WhiteElo "2195"]
[BlackElo "1893"]
[PlyCount "55"]
[EventDate "2015.01.24"]
[EventType "team-tourn"]
[EventRounds "9"]
[EventCountry "ESP"]
[SourceTitle "EXT 2017"]
[Source "ChessBase"]
[SourceDate "2016.10.25"]
[SourceVersion "1"]
[SourceVersionDate "2016.10.25"]
[SourceQuality "1"]
[WhiteTeam "Marcos Frechin"]
[BlackTeam "Tauste II"]
[WhiteTeamCountry "ESP"]
[BlackTeamCountry "ESP"]

1. e4 e5 2. Nf3 Nc6 3. Bc4 Nf6 4. d3 Bc5 5. 0-0 0-0 6. c3 a6 7. Bb3 Ba7 8. Nbd2 d5 9. Qe2 Re8 10. Rd1 Ng4 11. Rf1 Nf6 12. h3 Nh5 13. Qd1 Nf4 14. exd5 Nxd5 15. Ne4 h6 16. Bxh6 Nxc3 17. bxc3 gxh6 18. Qd2 Kg7 19. Bxf7 Rf8 20. Bh5 Bf5 21. Rad1 Qd7 22. Kh2 Rad8 23. Qe2 Qd5 24. Nh4 Bc8 25. Bg4 Rf4 26. Bxc8 Rxh4 27. g3 Rxc8 28. gxh4 1-0

[Event "Benidorm op U2000 13th"]
[Site "Benidorm"]
[Date "2014.12.04"]
[Round "7"]
[White "Muro Turon, Raul"]
[Black "Carmona Huertas, Juan Antonio"]
[Result "1-0"]
[WhiteElo "1877"]
[BlackElo "1668"]
[PlyCount "55"]
[EventDate "2014.11.28"]
[EventType "swiss"]
[EventRounds "10"]
[EventCountry "ESP"]
[SourceTitle "CBM 163 Extra"]
[Source "ChessBase"]
[SourceDate "2014.12.23"]
[SourceVersion "1"]
[SourceVersionDate "2014.12.23"]
[SourceQuality "1"]

1. e4 c5 2. c3 d5 3. exd5 Qxd5 4. d4 cxd4 5. Nf3 Nc6 6. cxd4 Bg4 7. Be2 Nf6 8. Nc3 Qd8 9. d5 Bxf3 10. Bxf3 Ne5 11. 0-0 g6 12. Bf4 Nxf3+ 13. Qxf3 Bg7 14. d6 0-0 15. Rad1 exd6 16. Bxd6 Re8 17. Qxb7 Qb6 18. Qxb6 axb6 19. Rfe1 Rxe1+ 20. Rxe1 Rd8 21. Bc7 Rd2 22. Rd1 Rxb2 23. Rd8+ Bf8 24. Bd6 Rc2 25. Bxf8 Rc1+ 26. Nd1 Rxd1+ 27. Rxd1 Kxf8 28. Rd6 1-0

[Event "Aragon-chT Preferente Descenso"]
[Site "Zaragoza"]
[Date "2014.03.30"]
[Round "10.42"]
[White "Muro Turon, Raul"]
[Black "Navarro Sancho, Rafael"]
[Result "1-0"]
[WhiteElo "1870"]
[BlackElo "1757"]
[PlyCount "133"]
[EventDate "2014.01.25"]
[EventType "team-tourn"]
[EventRounds "10"]
[EventCountry "ESP"]
[SourceTitle "EXT 2015"]
[Source "ChessBase"]
[SourceDate "2014.11.20"]
[SourceVersion "1"]
[SourceVersionDate "2014.11.20"]
[SourceQuality "1"]
[WhiteTeam "Tauste II"]
[BlackTeam "Agrupacion II"]
[WhiteTeamCountry "ESP"]
[BlackTeamCountry "ESP"]

1. e4 g6 2. d4 Bg7 3. Nc3 d6 4. Be3 Nf6 5. h3 c6 6. a4 Nbd7 7. Nf3 Qa5 8. Nd2 0-0 9. Be2 e5 10. Nb3 Qc7 11. dxe5 dxe5 12. Qd2 b6 13. 0-0-0 Bb7 14. Qd6 Qxd6 15. Rxd6 Rfd8 16. Rhd1 Bf8 17. R6d2 Be7 18. f3 Nf8 19. a5 Rxd2 20. Rxd2 b5 21. Bc5 Bd8 22. Bxf8 Kxf8 23. Nc5 Ne8 24. Nxb7 Bg5 25. Kd1 Bxd2 26. Kxd2 a6 27. Ke3 Nc7 28. Nc5 Ke7 29. Na2 Kd6 30. Nb7+ Ke7 31. Nc1 Ne6 32. Nd3 f6 33. c3 Nc7 34. Bd1 Rb8 35. Nbc5 Rg8 36. b3 g5 37. c4 h5 38. Be2 Rb8 39. cxb5 cxb5 40. b4 h4 41. Bd1 Rg8 42. Bb3 Rh8 43. Bd5 Rb8 44. Bc6 Rh8 45. Nb3 Ne6 46. Ndc5 Nf4 47. Kf2 Rd8 48. Nxa6 Rc8 49. Bxb5 Rc2+ 50. Kg1 Rxg2+ 51. Kh1 Rb2 52. Bc4 Nxh3 53. b5 Nf2+ 54. Kg1 h3 55. b6 h2+ 56. Kxh2 Nxe4+ 57. Kg1 Nd6 58. Bd5 f5 59. Nac5 Rb1+ 60. Kf2 Rb2+ 61. Ke3 g4 62. fxg4 fxg4 63. a6 Nf5+ 64. Ke4 Kf6 65. Nd7+ Ke7 66. Kxf5 Kxd7 67. a7 1-0

[Event "Benidorm op U2000 12th"]
[Site "Benidorm"]
[Date "2013.12.01"]
[Round "3"]
[White "Gambini, Stephane"]
[Black "Muro Turon, Raul"]
[Result "1-0"]
[WhiteElo "1975"]
[BlackElo "1905"]
[PlyCount "69"]
[EventDate "2013.11.29"]
[EventType "swiss"]
[EventRounds "10"]
[EventCountry "ESP"]
[SourceTitle "CBM 157 Extra"]
[Source "ChessBase"]
[SourceDate "2013.12.19"]
[SourceVersion "1"]
[SourceVersionDate "2013.12.19"]
[SourceQuality "1"]

1. c4 e5 2. Nc3 Nc6 3. g3 Nf6 4. Bg2 Bb4 5. a3 Bxc3 6. bxc3 0-0 7. e4 d6 8. Ne2 Qe7 9. d3 h6 10. 0-0 Nh7 11. f4 f5 12. Be3 Be6 13. Qb3 Rab8 14. Qc2 a6 15. fxe5 dxe5 16. Rab1 Qd6 17. c5 Qd7 18. d4 fxe4 19. Qxe4 Nf6 20. Qg6 Ng4 21. Be4 Nf6 22. Bc2 Bf7 23. Qf5 Be6 24. Qd3 e4 25. Qd2 Na5 26. Nf4 Bf7 27. Ng2 Nc4 28. Qc1 c6 29. Bxh6 Qh3 30. Rxf6 gxf6 31. Bxf8 Kxf8 32. Bxe4 Kg7 33. Qf4 Rh8 34. Nh4 Kf8 35. Rxb7 1-0

[Event "Benidorm op U2000 12th"]
[Site "Benidorm"]
[Date "2013.11.30"]
[Round "2"]
[White "Muro Turon, Raul"]
[Black "Erades Berenguer, Ana"]
[Result "1-0"]
[WhiteElo "1905"]
[BlackElo "1572"]
[PlyCount "81"]
[EventDate "2013.11.29"]
[EventType "swiss"]
[EventRounds "10"]
[EventCountry "ESP"]
[SourceTitle "CBM 157 Extra"]
[Source "ChessBase"]
[SourceDate "2013.12.19"]
[SourceVersion "1"]
[SourceVersionDate "2013.12.19"]
[SourceQuality "1"]

1. e4 e5 2. Nf3 Nc6 3. d4 exd4 4. Bc4 Nf6 5. e5 Bb4+ 6. c3 dxc3 7. bxc3 Qe7 8. cxb4 Qxb4+ 9. Nbd2 Ne4 10. 0-0 Nxd2 11. Nxd2 0-0 12. Re1 Qc3 13. Rb1 Re8 14. Bb2 Qa5 15. Nf3 b6 16. Qb3 Kh8 17. Bc3 Qc5 18. Bxf7 Rf8 19. Bb2 Na5 20. Qd5 Qxd5 21. Bxd5 Bb7 22. Bxb7 Nxb7 23. Rbc1 c5 24. Nd2 Nd8 25. Ne4 Ne6 26. g3 Rac8 27. Red1 Rc7 28. Rd6 Re8 29. f4 Nd8 30. Rcd1 Re7 31. Nc3 Rb7 32. Kf2 b5 33. Ne4 c4 34. Nc5 Rc7 35. Rxd7 Rcxd7 36. Rxd7 Rxd7 37. Nxd7 b4 38. Ke3 a5 39. Kd4 c3 40. Bxc3 bxc3 41. Kxc3 1-0

[Event "Benidorm op U2000 12th"]
[Site "Benidorm"]
[Date "2013.11.29"]
[Round "1"]
[White "Talavera Moya, Salvador"]
[Black "Muro Turon, Raul"]
[Result "0-1"]
[WhiteElo "1595"]
[BlackElo "1905"]
[PlyCount "56"]
[EventDate "2013.11.29"]
[EventType "swiss"]
[EventRounds "10"]
[EventCountry "ESP"]
[SourceTitle "CBM 157 Extra"]
[Source "ChessBase"]
[SourceDate "2013.12.19"]
[SourceVersion "1"]
[SourceVersionDate "2013.12.19"]
[SourceQuality "1"]

1. d4 Nf6 2. c4 c5 3. d5 b5 4. cxb5 a6 5. bxa6 Bxa6 6. Nc3 d6 7. g3 g6 8. Bg2 Bg7 9. e4 Nbd7 10. Nge2 0-0 11. 0-0 Qa5 12. Bd2 Rfb8 13. Rb1 Bd3 14. Ra1 Rxb2 15. a4 Ne5 16. Bc1 Bxe2 17. Nxe2 Rb7 18. Bd2 Qa6 19. Nc3 Nc4 20. Qc2 Rb2 21. Qc1 Nxd2 22. Qxb2 Nxf1 23. Bxf1 Qa5 24. Qc1 Ng4 25. Ra3 Bd4 26. Nd1 Qb4 27. Bb5 Qe1+ 28. Kg2 Nxf2 0-1

[Event "Aragon-chT"]
[Site "Aragon"]
[Date "2009.01.31"]
[Round "2"]
[White "Navarro Sancho, Rafael"]
[Black "Muro Turon, Raul"]
[Result "0-1"]
[WhiteElo "1911"]
[BlackElo "1815"]
[PlyCount "68"]
[EventDate "2009.01.24"]
[EventType "team-swiss"]
[EventRounds "9"]
[EventCountry "ESP"]
[SourceTitle "EXT 2011"]
[Source "ChessBase"]
[SourceDate "2010.11.26"]
[SourceVersion "1"]
[SourceVersionDate "2010.11.26"]
[SourceQuality "1"]

1. e4 e5 2. Nc3 Nf6 3. f4 d5 4. fxe5 Nxe4 5. Qf3 Nxc3 6. bxc3 Be7 7. d4 0-0 8. Bd3 g6 9. Ne2 c5 10. Nf4 cxd4 11. 0-0 Nc6 12. Nxd5 Be6 13. Nxe7+ Qxe7 14. Qg3 Qc5 15. Bh6 dxc3+ 16. Kh1 Rfe8 17. Bf4 Rad8 18. h4 Qf8 19. h5 Qg7 20. h6 Qf8 21. a3 Ne7 22. Be4 Bd5 23. Bd3 Be6 24. Bg5 Rd4 25. Rf4 Rxf4 26. Bxf4 Bf5 27. Bxf5 Nxf5 28. Qh3 Rd8 29. Qxc3 Nxh6 30. Rf1 Ng4 31. Qf3 h5 32. Qxb7 Qxa3 33. Bg5 Rf8 34. Be7 Qg3 0-1

[Event "Aragon-ch Primera"]
[Site "Spain"]
[Date "2009.??.??"]
[Round "3"]
[White "Calvo Gutierrez, Rafael"]
[Black "Muro Turon, Raul"]
[Result "1-0"]
[WhiteElo "1623"]
[BlackElo "1853"]
[PlyCount "37"]
[EventDate "2009.??.??"]
[EventType "swiss"]
[EventRounds "9"]
[EventCountry "ESP"]
[SourceTitle "EXT 2013"]
[Source "ChessBase"]
[SourceDate "2012.11.22"]
[SourceVersion "1"]
[SourceVersionDate "2012.11.22"]
[SourceQuality "1"]

1. d4 d5 2. c4 dxc4 3. Nc3 e5 4. d5 Nf6 5. Bg5 Be7 6. e3 a6 7. Bxc4 b5 8. Bxf6 Bxf6 9. Bb3 Bb7 10. Ne4 Be7 11. Nf3 Bb4+ 12. Nc3 e4 13. Ne5 Qg5 14. Nxf7 Kxf7 15. d6+ Kg6 16. dxc7 Qxg2 17. Rf1 Nc6 18. Qd7 Rhf8 19. 0-0-0 1-0

[Event "Aragon-ch Primera"]
[Site "Spain"]
[Date "2009.??.??"]
[Round "8"]
[White "Colas Perez, Patricia"]
[Black "Muro Turon, Raul"]
[Result "1-0"]
[WhiteElo "1629"]
[BlackElo "1853"]
[PlyCount "29"]
[EventDate "2009.??.??"]
[EventType "swiss"]
[EventRounds "9"]
[EventCountry "ESP"]
[SourceTitle "EXT 2013"]
[Source "ChessBase"]
[SourceDate "2012.11.22"]
[SourceVersion "1"]
[SourceVersionDate "2012.11.22"]
[SourceQuality "1"]

1. c4 Nf6 2. Nc3 e5 3. g3 c6 4. Bg2 d5 5. cxd5 cxd5 6. Qb3 e4 7. d3 exd3 8. exd3 d4 9. Qa4+ Qd7 10. Qxd7+ Kxd7 11. Nb5 Nc6 12. Bxc6+ bxc6 13. Nxd4 Ba6 14. Ngf3 Bxd3 15. Ne5+ 1-0